[Event "Tres Cantos op 10th"]
[Site "Tres Cantos"]
[Date "2018.06.24"]
[Round "4.39"]
[White "Lopez Moll, Jose Manuel"]
[Black "Martinez Dominguez, Juan Jose"]
[Result "1-0"]
[WhiteElo "1940"]
[BlackElo "1419"]
[PlyCount "128"]
[EventDate "2018.06.21"]
[EventType "swiss"]
[EventRounds "9"]
[EventCountry "ESP"]
[SourceTitle "EXT 2024"]
[Source "ChessBase"]
[SourceDate "2023.10.10"]
[SourceVersion "1"]
[SourceVersionDate "2023.10.10"]
[SourceQuality "1"]

1. e4 e6 2. d4 d5 3. Nd2 c5 4. exd5 exd5 5. dxc5 Bxc5 6. Nb3 Be7 7. Nf3 a6 8. Bd3 Nf6 9. 0-0 0-0 10. h3 Nc6 11. c3 h6 12. Bf4 Bd6 13. Qd2 Qc7 14. Bxd6 Qxd6 15. Rfe1 Bd7 16. Rad1 Rfe8 17. Bc2 Rad8 18. Nbd4 Na5 19. b3 Nc6 20. b4 Nxd4 21. Qxd4 Rxe1+ 22. Rxe1 Re8 23. Rxe8+ Bxe8 24. a3 Bd7 25. Ne5 Be6 26. c4 Nd7 27. f4 Nxe5 28. fxe5 Qd7 29. c5 Qc8 30. Bb3 Qd7 31. a4 Kf8 32. Kf2 Qd8 33. b5 axb5 34. axb5 Qd7 35. Ba4 Qc8 36. Qb4 Kg8 37. Ke3 Qd8 38. Qf4 Qa5 39. Qd4 Qe1+ 40. Kf3 Qf1+ 41. Kg3 Qe1+ 42. Kh2 Qe4 43. Qxe4 dxe4 44. c6 Bc8 45. b6 Kf8 46. Kg3 Ke7 47. Kf4 Ke6 48. Bb3+ Ke7 49. Bd5 bxc6 50. Bxc6 Ke6 51. b7 Bxb7 52. Bxb7 e3 53. Bf3 g6 54. Be2 Kd5 55. g4 Kd4 56. h4 Kd5 57. Bd1 Kd4 58. Be2 Kd5 59. h5 gxh5 60. gxh5 Ke6 61. Bc4+ Ke7 62. Kxe3 Ke8 63. Kf4 Kf8 64. Kf5 Kg7 1-0

[Event "Tres Cantos op 10th"]
[Site "Tres Cantos"]
[Date "2018.06.23"]
[Round "3.22"]
[White "Fernandez Quintero, Jose Antonio"]
[Black "Lopez Moll, Jose Manuel"]
[Result "1-0"]
[WhiteElo "1783"]
[BlackElo "1940"]
[PlyCount "58"]
[EventDate "2018.06.21"]
[EventType "swiss"]
[EventRounds "9"]
[EventCountry "ESP"]
[SourceTitle "EXT 2024"]
[Source "ChessBase"]
[SourceDate "2023.10.10"]
[SourceVersion "1"]
[SourceVersionDate "2023.10.10"]
[SourceQuality "1"]

1. d4 d6 2. e4 g6 3. Bc4 Bg7 4. Nf3 Nf6 5. Nc3 0-0 6. 0-0 Nc6 7. h3 Nxe4 8. Bxf7+ Rxf7 9. Nxe4 h6 10. c3 d5 11. Nc5 Qd6 12. Nd3 Bf5 13. Bf4 Qd7 14. Nc5 Qc8 15. Qd2 Bxh3 16. gxh3 Qxh3 17. Nh2 e5 18. dxe5 Kh7 19. Qd3 Qh5 20. Bg3 Nxe5 21. Qd1 Nf3+ 22. Nxf3 Rxf3 23. Kg2 Raf8 24. Ne6 R8f7 25. Nxg7 Kxg7 26. Qd4+ R3f6 27. Rae1 Kf8 28. c4 c6 29. Re5 Qf3+ 1-0

[Event "Madrid Chamartin op 1st"]
[Site "Madrid"]
[Date "2012.09.13"]
[Round "7"]
[White "Morera Rodriguez, Ignacio"]
[Black "Lopez Moll, Jose Manuel"]
[Result "0-1"]
[WhiteElo "1800"]
[BlackElo "1991"]
[PlyCount "44"]
[EventDate "2012.09.09"]
[EventType "swiss"]
[EventRounds "9"]
[EventCountry "ESP"]
[SourceTitle "CBM 150 Extra"]
[Source "ChessBase"]
[SourceDate "2012.10.19"]
[SourceVersion "1"]
[SourceVersionDate "2012.10.19"]
[SourceQuality "1"]

1. d4 d6 2. Nf3 f5 3. g3 g6 4. Bg2 Bg7 5. 0-0 Nf6 6. c4 0-0 7. Nc3 c6 8. Qc2 Qe8 9. Bf4 Nh5 10. Bd2 e5 11. d5 e4 12. Ng5 h6 13. Nh3 g5 14. dxc6 bxc6 15. Nd1 f4 16. g4 f3 17. exf3 exf3 18. Re1 Qf7 19. Bf1 Bxg4 20. Qe4 Qd7 21. Qg6 Nf6 22. Bc3 Bf5 0-1

[Event "Madrid Chamartin op 1st"]
[Site "Madrid"]
[Date "2012.09.11"]
[Round "4"]
[White "Garcia Diaz, Victor Manuel"]
[Black "Lopez Moll, Jose Manuel"]
[Result "1-0"]
[WhiteElo "2189"]
[BlackElo "1991"]
[PlyCount "109"]
[EventDate "2012.09.09"]
[EventType "swiss"]
[EventRounds "9"]
[EventCountry "ESP"]
[SourceTitle "CBM 150 Extra"]
[Source "ChessBase"]
[SourceDate "2012.10.19"]
[SourceVersion "1"]
[SourceVersionDate "2012.10.19"]
[SourceQuality "1"]

1. c4 d6 2. Nc3 e5 3. g3 f5 4. d4 Nc6 5. e3 g6 6. Bg2 Bd7 7. Nge2 Bg7 8. Rb1 a5 9. a3 Nf6 10. b4 axb4 11. axb4 0-0 12. 0-0 e4 13. Qb3 Kh8 14. Rd1 Be8 15. c5 d5 16. Bb2 Bf7 17. Ra1 Rb8 18. b5 Ne7 19. Ba3 c6 20. Bb4 g5 21. Ba5 Qd7 22. Rdb1 Nh5 23. Bh3 Be6 24. bxc6 Nxc6 25. Qd1 Nxa5 26. Rxa5 f4 27. Bxe6 Qxe6 28. Rb6 Qf5 29. Qe1 fxe3 30. fxe3 Qh3 31. Nxd5 Rf3 32. Rb1 Rbf8 33. Rab5 Qd7 34. Nec3 Qh3 35. Nxe4 Qe6 36. Ndc3 Qc4 37. Kg2 Qd3 38. Rd1 Qxe3 39. Qxe3 Rxe3 40. Rxb7 Nf6 41. Re7 Nxe4 42. Nxe4 Re2+ 43. Kg1 g4 44. c6 Bxd4+ 45. Kh1 Bc5 46. Re6 Bb6 47. h3 gxh3 48. Ng5 Rc2 49. Rh6 Rcf2 50. c7 Rf1+ 51. Rxf1 Rxf1+ 52. Kh2 Rf2+ 53. Kxh3 Rc2 54. Rxb6 Rxc7 55. Rb8+ 1-0

[Event "Madrid Oliver Gonzalez Memorial-A 3rd"]
[Site "Madrid"]
[Date "2012.09.04"]
[Round "4"]
[White "Martin Prior, Francisco Jose"]
[Black "Lopez Moll, Jose Manuel"]
[Result "1-0"]
[WhiteElo "1867"]
[BlackElo "1991"]
[PlyCount "57"]
[EventDate "2012.09.01"]
[EventType "swiss"]
[EventRounds "9"]
[EventCountry "ESP"]
[SourceTitle "CBM 150 Extra"]
[Source "ChessBase"]
[SourceDate "2012.10.19"]
[SourceVersion "1"]
[SourceVersionDate "2012.10.19"]
[SourceQuality "1"]

1. d4 d6 2. c4 e5 3. d5 f5 4. g3 Nf6 5. Bg2 g6 6. Nc3 Bg7 7. e4 0-0 8. Nge2 fxe4 9. Nxe4 Nxe4 10. Bxe4 Bh3 11. Qc2 Nd7 12. Be3 Nf6 13. Bg5 Qd7 14. Bxf6 Rxf6 15. f4 b5 16. fxe5 dxe5 17. 0-0-0 Rb8 18. cxb5 Rf2 19. Bd3 e4 20. Bc4 Rxb5 21. d6+ Kf8 22. Bxb5 Qxb5 23. d7 Bxd7 24. Rxd7 Qxd7 25. Qc5+ Qd6 26. Qxf2+ Kg8 27. Nc3 Qd3 28. Qc2 Bh6+ 29. Kb1 1-0

[Event "Tres Cantos op 4th"]
[Site "Tres Cantos"]
[Date "2012.06.26"]
[Round "6"]
[White "Lopez Moll, Jose Manuel"]
[Black "Renteria Becerra, Jorge Elicer"]
[Result "0-1"]
[WhiteElo "1996"]
[BlackElo "2326"]
[PlyCount "62"]
[EventDate "2012.06.21"]
[EventType "swiss"]
[EventRounds "9"]
[EventCountry "ESP"]
[SourceTitle "CBM 149 Extra"]
[Source "ChessBase"]
[SourceDate "2012.08.24"]
[SourceVersion "1"]
[SourceVersionDate "2012.08.24"]
[SourceQuality "1"]

1. e4 c5 2. Nf3 d6 3. d4 cxd4 4. Nxd4 Nf6 5. Nc3 a6 6. Be3 e5 7. Nb3 Be6 8. f3 Be7 9. Qd2 0-0 10. g4 d5 11. exd5 Nxd5 12. Nxd5 Bxd5 13. Bg2 Bh4+ 14. Bf2 Bxf2+ 15. Qxf2 a5 16. 0-0-0 a4 17. Nd2 Bxa2 18. Ne4 Qa5 19. Qc5 Nc6 20. Rd7 Nd4 21. Qxa5 Rxa5 22. Nc3 Be6 23. Rxb7 a3 24. bxa3 Rxa3 25. Kb2 Ra5 26. Re1 Rc8 27. Re3 h6 28. Bf1 g5 29. Bd3 Kg7 30. Nb5 Nxb5 31. Bxb5 Ra2+ 0-1

[Event "Tres Cantos op 4th"]
[Site "Tres Cantos"]
[Date "2012.06.24"]
[Round "4"]
[White "Gonzalez Mateo, Jose Luis"]
[Black "Lopez Moll, Jose Manuel"]
[Result "0-1"]
[WhiteElo "1827"]
[BlackElo "1996"]
[PlyCount "138"]
[EventDate "2012.06.21"]
[EventType "swiss"]
[EventRounds "9"]
[EventCountry "ESP"]
[SourceTitle "CBM 149 Extra"]
[Source "ChessBase"]
[SourceDate "2012.08.24"]
[SourceVersion "1"]
[SourceVersionDate "2012.08.24"]
[SourceQuality "1"]

1. d4 d6 2. Bf4 f5 3. e3 g6 4. Nf3 Nf6 5. Bc4 e6 6. h4 h6 7. c3 Nc6 8. Bb3 Qe7 9. Qe2 Bd7 10. Nbd2 e5 11. dxe5 dxe5 12. Bh2 Bg7 13. 0-0-0 0-0-0 14. Nc4 Ne4 15. Ba4 Qe6 16. Kb1 Nd6 17. Bxc6 Qxc4 18. Bxd7+ Rxd7 19. Qxc4 Nxc4 20. b3 e4 21. Nd4 Ne5 22. Ne6 Bf6 23. Bg3 Re8 24. Nf4 Red8 25. Rxd7 Rxd7 26. Kc2 c6 27. c4 Kd8 28. h5 g5 29. Ne6+ Ke8 30. Nd4 f4 31. exf4 Nd3 32. Nf5 Nb4+ 33. Kb1 Rd2 34. Rh2 Rb2+ 35. Kc1 Nd3+ 36. Kd1 gxf4 37. Bxf4 Nxf4 38. Nd6+ Ke7 39. Nxe4 Re2 40. Nxf6 Kxf6 41. g3 Rxa2 42. gxf4 Rb2 43. Rg2 Rxb3 44. Rg6+ Kf5 45. Rxh6 a5 46. Rh8 a4 47. Kc2 Kxf4 48. h6 Kg5 49. h7 Kh6 50. Ra8 Kxh7 51. Rxa4 Rf3 52. Ra7 Rxf2+ 53. Kc3 Rf7 54. Kd4 Kg6 55. c5 Kf6 56. Kc4 Ke5 57. Ra1 Rf4+ 58. Kb3 Kd5 59. Rc1 Rg4 60. Rc2 Rg1 61. Ka2 Rg3 62. Kb2 Kd4 63. Ka2 Re3 64. Rb2 Re7 65. Rc2 Kd3 66. Kb3 Re3 67. Kb2 Re2 68. Rxe2 Kxe2 69. Kc3 Ke3 0-1

[Event "Pablo Gorbea Memorial 7th"]
[Site "Madrid"]
[Date "2003.09.09"]
[Round "9"]
[White "Correas Gonzalez, Jose Ramon"]
[Black "Lopez Moll, Jose Manuel"]
[Result "1-0"]
[WhiteElo "2106"]
[BlackElo "2038"]
[PlyCount "51"]
[EventDate "2003.09.01"]
[EventType "swiss"]
[EventRounds "9"]
[EventCountry "ESP"]
[SourceTitle "CBM 096 Extra"]
[Source "ChessBase"]
[SourceDate "2003.10.22"]
[SourceVersion "2"]
[SourceVersionDate "2003.10.20"]
[SourceQuality "1"]

1. e4 e5 2. Nf3 Nc6 3. Bb5 a6 4. Ba4 Nf6 5. 0-0 b5 6. Bb3 Bc5 7. c3 d6 8. a4 Bb7 9. axb5 axb5 10. Rxa8 Bxa8 11. d4 Bb6 12. Na3 0-0 13. Bg5 h6 14. Bxf6 Qxf6 15. Nxb5 Ne7 16. Bc2 Ng6 17. Na3 Bb7 18. Nc4 Bc8 19. Nxb6 cxb6 20. Ne1 Qg5 21. Kh1 Re8 22. d5 h5 23. Bd3 h4 24. Rg1 f5 25. exf5 e4 26. Bb5 1-0

[Event "Pablo Gorbea Memorial 7th"]
[Site "Madrid"]
[Date "2003.09.02"]
[Round "2"]
[White "Lopez Moll, Jose Manuel"]
[Black "Leyva Proenza, Ricardo"]
[Result "0-1"]
[WhiteElo "2038"]
[BlackElo "2338"]
[PlyCount "64"]
[EventDate "2003.09.01"]
[EventType "swiss"]
[EventRounds "9"]
[EventCountry "ESP"]
[SourceTitle "CBM 096 Extra"]
[Source "ChessBase"]
[SourceDate "2003.10.22"]
[SourceVersion "2"]
[SourceVersionDate "2003.10.20"]
[SourceQuality "1"]

1. e4 e5 2. Nf3 Nc6 3. Bb5 a6 4. Ba4 Nf6 5. d4 exd4 6. e5 Ne4 7. 0-0 Nc5 8. Bxc6 dxc6 9. Qxd4 Bf5 10. Bg5 Be7 11. Bxe7 Qxe7 12. Na3 0-0 13. Qf4 Bg6 14. Rfe1 Rad8 15. Rac1 Ne6 16. Qg3 Qb4 17. Rb1 Rd5 18. c3 Qb6 19. Nc4 Qc5 20. Ne3 Bxb1 21. Nxd5 Qxd5 22. Rxb1 Qxa2 23. Re1 Qxb2 24. Nh4 Rd8 25. f4 Qd2 26. Rf1 Qe2 27. f5 Rd1 28. Qf2 Rxf1+ 29. Qxf1 Qxf1+ 30. Kxf1 Nc5 31. Nf3 Na4 32. c4 Nb2 0-1

[Event "Aceimar op 9th"]
[Site "Mondariz"]
[Date "2002.12.26"]
[Round "1.8"]
[White "Lopez Moll, Jose Manuel"]
[Black "Cheparinov, Ivan"]
[Result "0-1"]
[WhiteElo "2053"]
[BlackElo "2473"]
[PlyCount "64"]
[EventDate "2002.12.26"]
[EventType "swiss"]
[EventRounds "9"]
[EventCountry "ESP"]
[SourceTitle "EXT 2004"]
[Source "ChessBase"]
[SourceDate "2003.11.25"]
[SourceVersion "1"]
[SourceVersionDate "2003.11.25"]
[SourceQuality "1"]

1. e4 c5 2. Nf3 d6 3. d4 cxd4 4. Nxd4 Nf6 5. Nc3 a6 6. Be3 e5 7. Nb3 Be6 8. f3 Nbd7 9. g4 b5 10. g5 b4 11. Ne2 Nh5 12. Qd2 a5 13. Ng3 Nxg3 14. hxg3 a4 15. Nc1 Qa5 16. f4 g6 17. Bd3 exf4 18. gxf4 Bg7 19. Rb1 a3 20. Nb3 Bxb3 21. cxb3 axb2 22. e5 dxe5 23. Be4 Rd8 24. Qxb2 Nc5 25. Qg2 exf4 26. Bxf4 Bc3+ 27. Kf2 Qxa2+ 28. Kg3 Qxg2+ 29. Bxg2 Rd3+ 30. Kg4 h5+ 31. gxh6 f5+ 32. Kg5 Kf7 0-1

[Event "Badalona Magistral"]
[Site "Badalona"]
[Date "2001.??.??"]
[Round "1"]
[White "Lopez Moll, Jose Manuel"]
[Black "Kogan, Artur"]
[Result "1-0"]
[WhiteElo "2075"]
[BlackElo "2468"]
[PlyCount "103"]
[EventDate "2001.03.??"]
[EventType "tourn"]
[EventRounds "9"]
[EventCountry "ESP"]
[EventCategory "9"]
[SourceTitle "EXT 2002"]
[Source "ChessBase"]
[SourceDate "2001.11.25"]
[SourceVersion "1"]
[SourceVersionDate "2001.11.25"]
[SourceQuality "1"]

1. d4 Nf6 2. Nf3 c5 3. d5 d6 4. Nc3 Bg4 5. e4 Nbd7 6. Be2 g6 7. 0-0 Bg7 8. Nd2 Bxe2 9. Qxe2 0-0 10. a4 e6 11. dxe6 fxe6 12. Nc4 Ne8 13. Rd1 Ne5 14. Be3 Qh4 15. h3 g5 16. Nb5 g4 17. Nxe5 Bxe5 18. Qxg4+ Qxg4 19. hxg4 Bxb2 20. Rab1 Be5 21. f3 b6 22. Na3 Rc8 23. Nc4 Bd4 24. a5 bxa5 25. Rb7 Bxe3+ 26. Nxe3 Rf7 27. Rb5 Kf8 28. Nc4 Rd7 29. Rxa5 Ke7 30. Ra6 Rb8 31. Na5 Rb2 32. c4 Kf8 33. Nc6 Rc2 34. Ra4 Rb7 35. Nd8 Re7 36. Rb1 a6 37. Rb8 Kg7 38. Rxa6 Rxc4 39. Nc6 Nc7 40. Ra7 Rc1+ 41. Kh2 Rf7 42. Rbb7 c4 43. Nd8 Rd7 44. Rxc7 Rxc7 45. Rxc7+ Kf6 46. f4 h6 47. Rf7+ Kg6 48. f5+ exf5 49. gxf5+ Kh5 50. Ne6 Re1 51. Rg7 Rxe4 52. Rg6 1-0

[Event "Badalona Magistral"]
[Site "Badalona"]
[Date "2001.??.??"]
[Round "8"]
[White "Lopez Moll, Jose Manuel"]
[Black "Narciso Dublan, Marc"]
[Result "0-1"]
[WhiteElo "2075"]
[BlackElo "2529"]
[PlyCount "70"]
[EventDate "2001.03.??"]
[EventType "tourn"]
[EventRounds "9"]
[EventCountry "ESP"]
[EventCategory "9"]
[SourceTitle "EXT 2002"]
[Source "ChessBase"]
[SourceDate "2001.11.25"]
[SourceVersion "1"]
[SourceVersionDate "2001.11.25"]
[SourceQuality "1"]

1. Nf3 d5 2. d4 Nf6 3. c4 e6 4. g3 dxc4 5. Bg2 Nc6 6. 0-0 Rb8 7. e3 b5 8. Qe2 Be7 9. b3 0-0 10. bxc4 bxc4 11. Rd1 Ba6 12. Bd2 Nd5 13. e4 Ndb4 14. Bc3 Nd3 15. a3 Re8 16. e5 Bf8 17. Qc2 Ne7 18. Nbd2 Nd5 19. Ne1 c5 20. dxc5 Nxf2 21. Kxf2 Bxc5+ 22. Ke2 Nxc3+ 23. Qxc3 Bd4 24. Ne4 Bxc3 25. Rxd8 Bxa1 26. Rd1 Bxe5 27. Nc5 Rb2+ 28. Ke3 Rb6 29. Nc2 Bb5 30. a4 Bc6 31. a5 Bxg2 32. axb6 axb6 33. Nd7 Bc7 34. Nb4 Bb7 35. Ra1 Rd8 0-1

[Event "Pablo Gorbea Memorial 4th"]
[Site "Madrid"]
[Date "2000.06.11"]
[Round "2"]
[White "Lopez Moll, Jose Manuel"]
[Black "Korneev, Oleg"]
[Result "0-1"]
[WhiteElo "2072"]
[BlackElo "2619"]
[PlyCount "38"]
[EventDate "2000.06.10"]
[EventType "swiss"]
[EventRounds "9"]
[EventCountry "ESP"]
[SourceTitle "CBM 076 Extra"]
[Source "ChessBase"]
[SourceDate "2000.07.11"]
[SourceVersion "1"]
[SourceVersionDate "2000.07.11"]
[SourceQuality "1"]

1. e4 e5 2. Nf3 Nc6 3. Bb5 a6 4. Ba4 Nf6 5. d4 exd4 6. e5 Ne4 7. 0-0 Be7 8. b4 0-0 9. Qe2 d5 10. a3 b5 11. Bb3 Bg4 12. Bf4 Re8 13. h3 Bxf3 14. gxf3 Ng5 15. Kg2 Ne6 16. Bg3 Bg5 17. f4 Nxf4+ 18. Bxf4 Bxf4 19. Qf3 Qg5+ 0-1

[Event "EU-ch U18"]
[Site "Tallinn"]
[Date "1997.??.??"]
[Round "3"]
[White "Smetankin, Stanislav"]
[Black "Lopez Moll, Jose Manuel"]
[Result "1/2-1/2"]
[WhiteElo "2395"]
[BlackElo "2155"]
[PlyCount "85"]
[EventDate "1997.??.??"]
[EventType "swiss"]
[EventRounds "9"]
[EventCountry "EST"]
[SourceTitle "EXT 1998"]
[Source "ChessBase"]
[SourceDate "1997.11.17"]
[SourceVersion "1"]
[SourceVersionDate "1997.11.17"]
[SourceQuality "1"]

1. e4 e5 2. Nf3 Nc6 3. Bb5 a6 4. Ba4 Nf6 5. 0-0 Be7 6. Re1 b5 7. Bb3 d6 8. c3 0-0 9. h3 Bb7 10. d4 Re8 11. Nbd2 Bf8 12. Bc2 h6 13. a3 g6 14. b4 Bg7 15. d5 Ne7 16. Nb3 c6 17. Na5 Qc7 18. Nxb7 Qxb7 19. dxc6 Qxc6 20. Bb2 Rad8 21. Qe2 Nc8 22. a4 d5 23. axb5 axb5 24. Nd2 Nd6 25. exd5 Nxd5 26. Qf3 Nxb4 27. Bxg6 fxg6 28. cxb4 Qc2 29. Qb3+ Qxb3 30. Nxb3 Nc4 31. Bc3 Rd3 32. Rac1 Bf8 33. Nc5 Bxc5 34. bxc5 Rd5 35. Red1 Rxc5 36. Bb4 Rc7 37. Rd5 Rb7 38. Ra1 e4 39. Ra6 Kf7 40. Bc5 Re6 41. Ra8 Re8 42. Ra6 Ne5 43. Ra5 1/2-1/2